000 01872nam0a2200373 4500
001 RU\NLR\BIBL_A\011683786
005 20180515110539.0
010 _a978-5-8399-0624-2
_9300
021 _aRU
_bКН-П-18-019449
_9КН-П-18-1415
035 _a(NLR Aleph) 011683786
035 _a(RuMoRGB)009574246
090 _a11301410
_c11301410
100 _a20180418d2017 e y0rusy50 ca
101 0 _arus
102 _aRU
105 _aac||j|||000zy
200 1 _aГосударственный финансовый контроль в схемах и таблицах
_eучебно-наглядное пособие
_e[для студентов, обучающихся по направлению "Экономика" и всех экономических специальностей]
_fЭ.Р. Ковалева, Г.Т. Гафурова, З.С. Якупов
_gКазанский инновационный университет имени В.Г. Тимирязева (ИЭУП)
210 _aКазань
_cПознание
_d2017
215 _a307 с.
_cил., табл., портр.
_d20
320 _aБиблиогр.: с. 303-307
333 _a16+
606 1 _aФинансовый контроль
_jСхемы
_yРоссийская Федерация
_92094714
_3RU\NLR\AUTH\661267510
686 _aХ622.02я73-7
_2rubbk
686 _aУ9(2)261.8я73-7
_2rubbk
686 1 _aУ26(2)17я73
686 1 _aХ622.02я73
700 1 _7ca
_8rus
_aКовалева
_bЭ. Р.
_cканд. экон. наук
_gЭльвина Рустамовна
_9188457
_3RU\NLR\AUTH\770188508
701 1 _aГафурова
_bГ. Т.
_gГульнара Талгатовна
701 1 _aЯкупов
_bЗ. С.
_gЗамир Сагирович
942 _cBOOK
980 _aNBR
980 _aNB